000 00312nam a22001217a 4500
008 180806b xxu||||| |||| 00| 0 eng d
082 _a813.52
245 _aTheoretical and Scientific Foundations for Nursing Practice
_cLaureate
260 _c2011
300 _a1
_fCD
440 _x18003390480
942 _2ddc
_cMX
999 _c46870
_d46870